| Tag |
First Indicator |
Second Indicator |
Subfields |
| LEADER |
00000cam a2200000 a 4500 |
| 001 |
in00000879721 |
| 005 |
20151019131059.0 |
| 008 |
880824s1988 ksuab b f00010 eng d |
| 010 |
|
|
|a gp 89014307
|
| 035 |
|
|
|a (OCoLC)18393972
|
| 035 |
|
|
|9 AEJ7697AM
|
| 040 |
|
|
|a GIS
|c GIS
|d AGL
|d GPO
|d UtOrBLW
|
| 043 |
|
|
|a n-us-ks
|
| 070 |
|
|
|a GB701.W375
|b no.88-4055
|
| 072 |
|
0 |
|a P200
|
| 074 |
|
|
|a 624-B
|
| 086 |
0 |
|
|a I 19.42/4:88-4055
|
| 090 |
|
|
|a QE75
|b .W375 no.88-4055
|
| 100 |
1 |
|
|a Gillespie, J. B.
|q (James B.)
|
| 245 |
1 |
0 |
|a Channel infiltration from floodflows along the Pawnee River and its tributaries, west-central Kansas /
|c by J.B. Gillespie and C.A. Perry ; prepared in cooperation with the U.S. Soil Conservation Service, Pawnee Watershed District no. 81, and Southwest Kansas Groundwater Management District no. 3.
|
| 264 |
|
1 |
|a Lawrence, Kan. :
|b Dept. of the Interior, U.S. Geological Survey ;
|c 1988.
|
| 264 |
|
2 |
|a Denver, Colo. :
|b Books and Open-File Reports [distributor],
|
| 300 |
|
|
|a v, 30 pages :
|b illustrations, map ;
|c 28 cm.
|
| 336 |
|
|
|a text
|b txt
|2 rdacontent
|
| 337 |
|
|
|a unmediated
|b n
|2 rdamedia
|
| 338 |
|
|
|a volume
|b nc
|2 rdacarrier
|
| 490 |
1 |
|
|a Water-resources investigations report ;
|v 88-4055
|
| 500 |
|
|
|a Shipping list number: 88-459-P.
|
| 504 |
|
|
|a Bibliography: pages 29-30.
|
| 650 |
|
0 |
|a Floods
|z Kansas
|z Pawnee River Region.
|
| 650 |
|
0 |
|a Streamflow
|z Kansas
|z Pawnee River Region.
|
| 700 |
1 |
|
|a Perry, Charles A.
|
| 710 |
1 |
|
|a United States.
|b Soil Conservation Service.
|b Pawnee Watershed District no. 81.
|
| 710 |
2 |
|
|a Southwest Kansas Groundwater Management District No. 3.
|
| 740 |
0 |
|
|a Geological Survey (U.S.)
|
| 830 |
|
0 |
|a Water-resources investigations report ;
|v 88-4055.
|
| 999 |
|
|
|a MARS
|
| 999 |
f |
f |
|s c82dd936-b113-370d-ac09-146a9c7428cc
|i 538f5938-5a62-3d0d-9fef-9230b84fdd7a
|t 0
|
| 952 |
f |
f |
|p normal
|a Texas A&M University
|b College Station
|c Sterling C. Evans Library
|d Evans: US Documents (Annex 5th floor)
|t 0
|e I 19.42/4:88-4055
|h Superintendent of Documents classification
|i unmediated -- volume
|m A14814533591
|
| 998 |
f |
f |
|a I 19.42/4:88-4055
|t 0
|l Evans: US Documents (Annex 5th floor)
|